000 01420nam a2200361 a 4500
001 ebr10017830
003 CaPaEBR
006 m u
007 cr cn|||||||||
008 001030s2000 enka sb 001 0 eng
010 _z 99042235
015 _aGBA0-66900
016 7 _a0415227011
_2Uk
020 _z0415227011(cased)
020 _z041522702X(pbk.)
040 _aCaPaEBR
_cCaPaEBR
035 _a(OCoLC)179156633
050 1 4 _aPR830.C513
_bW38 2000eb
082 0 4 _a823.0099282
_221
100 1 _aWatson, Victor.
245 1 0 _aReading series fiction
_h[electronic resource] :
_bfrom Arthur Ransome to Gene Kemp /
_cVictor Watson.
260 _aLondon :
_bRoutledge,
_c2000.
300 _aviii, 230 p. :
_bill.
504 _aIncludes bibliographical references and index.
533 _aElectronic reproduction.
_bPalo Alto, Calif. :
_cebrary,
_d2013.
_nAvailable via World Wide Web.
_nAccess may be limited to ebrary affiliated libraries.
650 0 _aChildren's stories, English
_xHistory and criticism.
650 0 _aChildren's literature in series
_xHistory and criticism.
650 0 _aEnglish fiction
_y20th century
_xHistory and criticism.
650 0 _aChildren
_xBooks and reading.
655 7 _aElectronic books.
_2local
710 2 _aebrary, Inc.
856 4 0 _uhttp://site.ebrary.com/lib/rucke/Doc?id=10017830
_zAn electronic book accessible through the World Wide Web; click to view
999 _c11846
_d11846